Score 0/26 Timer 07:00
3 Plays Today
% Correct
Lost
90.2%
Six Feet Under
84.9%
Gilmore Girls
83.5%
24
81.6%
Ghost Whisperer
81.2%
Dexter
79.3%
Sons of Anarchy
76.8%
Friday Night Lights
76.4%
Nip|Tuck
74.5%
The Good Wife
74%
Monk
73%
Gossip Girl
72.6%
Prison Break
71.5%
% Correct
Criminal Minds
70.3%
The Vampire Diaries
70%
Heroes
69.4%
The Mentalist
68.4%
Desperate Housewives
63.8%
CSI: Crime Scene Investigation
63.6%
Alias
62.7%
Breaking Bad
61.7%
House M.D.
59.4%
Burn Notice
58.9%
Grey's Anatomy
58.8%
Cold Case
58.3%
White Collar
43.9%
Remove Ads.
Support Sporcle.
Get the best of Sporcle when you Go Orange. This ad-free experience offers more features, more stats, and more fun while also helping to support Sporcle. Thank you for becoming a member.

You're not logged in!

Compare scores with friends on all Sporcle quizzes.
OR
Log In

Sporcle TV

Today on Sporcle TV


Watch our educational content, quiz creation guides, and fun videos on Sporcle TV.

Show Comments

Extras

Top Quizzes Today


Score Distribution

Paid Content

Your Account Isn't Verified!

In order to create a playlist on Sporcle, you need to verify the email address you used during registration. Go to your Sporcle Settings to finish the process.

Report this User

Report this user for behavior that violates our Community Guidelines.

Details: